000 00383nam a2200145Ia 4500
008 231129s1988||||xx |||||||||||||| ||spa||
020 _a84-402-0302-0
040 _bspa
082 _a813 M587pe
100 _aMetalious Grace
245 0 _aPeyton place
260 _c1988
264 _aBarcelona EspaƱa : Ediciones Orbis
942 _2ddc
_cBKS
999 _c22734
_d22734